000 00436nam a2200181Ia 4500
001 24014
005 20260414151015.0
008 260414t1977||||xx |||||||||||||| ||spa||
041 _aESP
082 _a750.9284
_bM44
100 _aDe Mesa, José
_eAUT
245 0 _aHolguin y la pintura virreinal en Bolivia
_b
260 _c1977
300 _a358 páginas :
_ccm.
650 _aABD
654 _aCAU
942 _cLIB
_dJUS
_fJUS
_2ddc
_n
999 _c24014
_d24014